[Event "Dortmund op-A"]
[Site "Dortmund"]
[Date "1992.??.??"]
[Round "4"]
[White "Ionov, Sergey"]
[Black "Zysk, Robert"]
[Result "1-0"]
[WhiteElo "2500"]
[BlackElo "2390"]

1.d4 f5 2.g3 Nf6 3.Bg2 g6 4.Nf3 Bg7 5.O-O O-O 6.c4 d6 7.Nc3 e6 8.b3 Nc6 9.Ba3 Ne4
10.Qd3 Nxc3 11.Qxc3 Bd7 12.Rad1 Rf7 13.Qd2 Qe7 14.d5 Nd8 15.Ng5 Bh6 16.h4 e5
17.f4 exf4 18.gxf4 Rf8 19.e4 fxe4 20.Rde1 Bf5 21.Bxe4 Qd7 22.Bxf5 Qxf5 23.Bb2 Qg4+
24.Qg2 Qxh4 25.Re3 Bxg5 26.Rh3 Qxf4 27.Rxf4 Bxf4 28.Qe4 Be5 29.Bxe5 dxe5
30.Qxe5 Nf7 31.Qxc7 Ng5 32.Re3 Rf5 33.Qd7 Raf8 34.Re8 Nf3+ 35.Kg2 Rf7 36.Rxf8+ Kxf8
37.Qd8+ Kg7 38.d6 Ne5 39.c5 h6 40.Qe8 Nd7 41.b4 g5 42.b5  1-0

[Event "Dortmund op-A"]
[Site "Dortmund"]
[Date "1992.??.??"]
[Round "5"]
[White "Razuvaev, Yuri S"]
[Black "Kindermann, Stefan"]
[Result "1/2-1/2"]
[WhiteElo "2575"]
[BlackElo "2505"]

1.c4 f5 2.d4 Nf6 3.g3 g6 4.Bg2 Bg7 5.Nf3 O-O 6.O-O d6 7.Nc3 Qe8 8.b3 Na6
9.Ba3 c6 10.Qd3 Rb8 11.e4 fxe4 12.Nxe4 Bf5 13.Nxf6+ Bxf6 14.Qd2 Qd7 15.h4 b5
16.Rae1 bxc4 17.bxc4 c5 18.Qa5 Qc8 19.dxc5 Nxc5 20.Re3 Qa6  1/2-1/2

[Event "Dortmund op-A"]
[Site "Dortmund"]
[Date "1992.??.??"]
[Round "6"]
[White "Dautov, Rustem"]
[Black "Zysk, Robert"]
[Result "1-0"]
[WhiteElo "2610"]
[BlackElo "2390"]

1.d4 f5 2.g3 Nf6 3.Bg2 g6 4.Nf3 Bg7 5.O-O O-O 6.c4 d6 7.Nc3 e6 8.b3 Nc6 9.Bb2 Qe7
10.d5 Ne4 11.Qc1 Nxc3 12.Bxc3 Nd8 13.Bxg7 Qxg7 14.e4 e5 15.exf5 gxf5 16.Qg5 b6
17.Qxg7+ Kxg7 18.Nd2 f4 19.b4 Nf7 20.c5 Ng5 21.Rfc1 dxc5 22.bxc5 Nh3+ 23.Bxh3 Bxh3
24.cxb6 cxb6 25.Rc7+ Rf7 26.d6 Rf8 27.Rac1 Bf5 28.Nc4 Kf6 29.Re1 fxg3 30.fxg3 e4
31.Ne3 Bh3 32.Nd5+ Ke5 33.Nf4 Bg4 34.h3 Bf3 35.d7 Kd6 36.d8=Q+  1-0

[Event "Dortmund op-A"]
[Site "Dortmund"]
[Date "1992.??.??"]
[Round "6"]
[White "Komarov, Dimitri"]
[Black "Dolmatov, Sergey"]
[Result "1/2-1/2"]
[WhiteElo "2455"]
[BlackElo "2595"]

1.d4 f5 2.g3 Nf6 3.Bg2 g6 4.Nf3 Bg7 5.O-O O-O 6.c4 d6 7.Nc3 c6 8.d5 e5 9.dxe6 Bxe6
10.b3 Na6 11.Ng5 Qe7 12.Nxe6 Qxe6 13.Bb2 Nc5 14.Qc2 Rfe8 15.Rad1 Rad8 16.Qb1 Qf7
17.Qa1 a5 18.Rd2 Nfe4 19.Nxe4 Nxe4 20.Bxe4 Rxe4 21.Rfd1 Re6 22.Bd4 Qe7 23.e3  1/2-1/2

[Event "Wch U18"]
[Site "Duisburg"]
[Date "1992.??.??"]
[Round "7"]
[White "Maiwald, Jens Uwe"]
[Black "Pedersen, Steffen"]
[Result "1-0"]
[WhiteElo "2375"]
[BlackElo "2360"]

1.d4 f5 2.c4 Nf6 3.Nf3 g6 4.g3 Bg7 5.Bg2 O-O 6.O-O d6 7.Nc3 h6 8.Qc2 Na6
9.Nh4 Qe8 10.f4 c5 11.d5 Nc7 12.e4 e6 13.Bd2 exd5 14.cxd5 Ng4 15.e5 dxe5
16.h3 exf4 17.hxg4 fxg3 18.Rae1 Qf7 19.Ne4 Nb5 20.gxf5 Bxf5 21.Nxf5 gxf5
22.Nxg3 Nd4 23.Qxc5 Qg6 24.Bf4 Rac8 25.Qd6 Qg4 26.Re7 Bf6 27.Rxb7 Rfd8 28.Qxf6  1-0

[Event "Elenite"]
[Site "Elenite"]
[Date "1992.??.??"]
[Round "1"]
[White "Razuvaev, Yuri S"]
[Black "Topalov, Veselin"]
[Result "0-1"]
[WhiteElo "2565"]
[BlackElo "2520"]

1.c4 f5 2.d4 Nf6 3.Nf3 g6 4.g3 Bg7 5.Bg2 O-O 6.O-O d6 7.Nc3 Qe8 8.b3 Na6
9.Ba3 c6 10.Qd3 h6 11.Rae1 g5 12.Nd2 Qg6 13.e3 Bd7 14.f4 Kh8 15.b4 Nc7 16.b5 cxb5
17.cxb5 Rab8 18.Rb1 gxf4 19.exf4 Qf7 20.d5 a6 21.bxa6 bxa6 22.Nc4 Nb5 23.Bb2 Rfc8
24.Na4 Rc7 25.Nab6 Be8 26.a4 Ne4 27.Rfe1 Nbc3 28.Bxc3 Nxc3 29.Rb3 Bxa4 30.Rxc3 Rxb6
31.Ne5 dxe5 32.Rxc7 e4 33.Qa3 Bb3 34.Rxe7 Qxd5 35.Re8+ Kh7 36.R8xe4 Bd4+
37.Kh1 fxe4 38.Bxe4+ Kg7 39.Qe7+ Qf7 40.Qd8 Bc5 41.Qc8 Bf8 42.Rb1 Bd5 43.Rxb6 Bxe4+
44.Kg1 Qd5 45.Qc3+ Kh7 46.Qc7+ Kh8 47.Rb8 Qd1+  0-1

[Event "ESP-chJ"]
[Site "?"]
[Date "1992.??.??"]
[Round "5"]
[White "Caselas, Jacobo"]
[Black "De la Riva Aguado, Oscar"]
[Result "1/2-1/2"]
[WhiteElo "2250"]
[BlackElo "2380"]

1.d4 g6 2.Nf3 Bg7 3.c4 f5 4.g3 Nf6 5.Bg2 O-O 6.O-O d6 7.Nc3 Qe8 8.b3 h6 9.Bb2 g5
10.Qc2 Na6 11.a3 c6 12.Rad1 Qg6 13.Rfe1 Bd7 14.b4 Nc7 15.d5 Rac8 16.Nd4 cxd5
17.cxd5 Ng4 18.e3 Nb5 19.Nde2 Bxc3 20.Bxc3 Rxc3 21.Nxc3 Rc8 22.Rd3 Ne5 23.Rc1 f4
24.e4 f3 25.Bf1 Nxd3 26.Qxd3 Rxc3 27.Rxc3 Nxc3 28.Qxc3 Qxe4 29.Qc7 Bf5 30.Qxb7 Qe1
31.Qb5 Kf7 32.Qc4 Bh3 33.Qd3 Bxf1 34.Qxf1 Qd2 35.Qb1 Qxd5 36.a4 Kf6 37.h3 Qf5
38.Qb2+ e5 39.Kh2 Qd3 40.Qc1 Qe2 41.Kg1 Kf5 42.b5 e4 43.a5 Qxb5 44.Qc8+ Kf6
45.Qf8+ Kg6 46.Qg8+ Kf6 47.Qf8+ Kg6 48.Qg8+ Kf6  1/2-1/2

[Event "FIN-chT"]
[Site "FIN"]
[Date "1992.??.??"]
[Round "?"]
[White "Luik, Helmuth"]
[Black "Raisa, Unto"]
[Result "1-0"]
[WhiteElo "2300"]
[BlackElo "2270"]

1.d4 f5 2.Nf3 Nf6 3.g3 g6 4.Bg2 Bg7 5.O-O O-O 6.c4 d6 7.Nc3 Qe8 8.d5 Na6
9.Nd4 Nc5 10.Ncb5 Qd8 11.b4 e5 12.bxc5 exd4 13.cxd6 cxd6 14.Bb2 a6 15.Nxd4 Qe7
16.Rc1 Ne4 17.Ba3 Nc5 18.Nb3 b6 19.Nxc5 bxc5 20.Bxc5 Rb8 21.Be3 g5 22.c5 f4
23.cxd6 Qf6 24.Ba7 Rb7 25.Rc7 Qxd6 26.Rc6 Qe5 27.Bc5 Rd8 28.e3 Rbd7 29.Bd4 Qf5
30.e4 Qf7 31.Bh3 Rc7 32.Rxc7 Qxc7 33.Bxc8 Rxc8 34.Bxg7 Qxg7 35.Qg4 Rf8 36.Rc1 h6
37.Qe6+ Kh7 38.e5 Qb7 39.d6 Rf7 40.Qxf7+  1-0

[Event "Troll Masters"]
[Site "Gausdal"]
[Date "1992.??.??"]
[Round "2"]
[White "Wilson, Jonathan"]
[Black "Djurhuus, Rune"]
[Result "0-1"]
[WhiteElo "2220"]
[BlackElo "2420"]

1.d4 f5 2.g3 Nf6 3.Bg2 g6 4.Nf3 Bg7 5.O-O O-O 6.c4 d6 7.Nc3 Nc6 8.d5 Ne5
9.Nxe5 dxe5 10.Qb3 h6 11.Rd1 Kh8 12.c5 g5 13.Qa3 Qe8 14.d6 c6 15.b4 exd6
16.cxd6 Qh5 17.b5 f4 18.bxc6 bxc6 19.f3 e4 20.gxf4 exf3 21.exf3 gxf4 22.Bxf4 Nd7
23.Bg3 Ne5 24.d7 Bxd7 25.Bxe5 Bxe5 26.Rxd7 Qxh2+ 27.Kf1 Rg8 28.Qb2 Raf8 29.Qe2 Bxc3
30.Rc1 Rg7 31.Rxg7 Bxg7 32.Qe4 Rd8 33.Qe7 Qb8 34.Bh3 Rd2 35.Re1 Bd4 36.Qe8+ Qxe8
37.Rxe8+ Kg7 38.Re7+ Kf6 39.Re6+ Kg5 40.Rxc6 Rxa2 41.Rc4 Be3 42.Rg4+ Kf6
43.Rg2 Ra1+ 44.Ke2 Bg5 45.Bd7 h5 46.Bc6 a5 47.Kd3 a4 48.Rh2 a3 49.Bd5 Kf5
50.Kc2 h4 51.f4 Kxf4 52.Kb3 Rd1 53.Bc6 Rd3+ 54.Ka2 Be7 55.Rf2+ Ke3 56.Rf7 Bc5
57.Rf3+ Ke2 58.Rf5 Rd2+ 59.Kb3 a2 60.Bb5+ Ke3 61.Rf1 Bd4  0-1

[Event "Troll Masters"]
[Site "Gausdal"]
[Date "1992.??.??"]
[Round "4"]
[White "Ostenstad, Berge"]
[Black "Gretarsson, Helgi Ass"]
[Result "1-0"]
[WhiteElo "2455"]
[BlackElo "2350"]

1.d4 f5 2.g3 Nf6 3.Bg2 g6 4.Nf3 Bg7 5.O-O O-O 6.c4 d6 7.Nc3 c6 8.d5 e5 9.dxe6 Bxe6
10.Qd3 Ng4 11.Ng5 Qe7 12.Nd5 Bxd5 13.cxd5 c5 14.Ne6 Re8 15.e4 fxe4 16.Qxe4 Nf6
17.Qh4 Na6 18.Bd2 Nc7 19.Rae1 Qf7 20.Ng5 Qf8 21.Bh3 Rxe1 22.Rxe1 Re8 23.Be6+ Nxe6
24.Nxe6 Qf7 25.Re3 Qd7 26.Qg5 Nh5 27.Bc3 Bxc3 28.bxc3 Ng7 29.Qf6 Nf5 30.Rf3 Qe7
31.Qxe7 Nxe7 32.c4 Nf5 33.Kf1 Ng7 34.Nc7 Re4 35.Rc3 Nf5 36.a4 Re7 37.Ne6 Ng7
38.Nxg7 Kxg7 39.f3 Kf6 40.Kf2 b6 41.Re3 Rd7 42.Re6+ Kg7 43.Ke3 Kf7 44.f4 a6
45.Kd3 Rd8 46.g4 Rd7 47.g5 Kf8 48.h4 Kf7 49.Ke4 Kf8 50.f5 gxf5+ 51.Kxf5 Kg7
52.h5 Rf7+ 53.Ke4 Rd7 54.Rf6 Rd8 55.Kf5 b5 56.axb5 axb5 57.cxb5 c4 58.Ke6 Rb8
59.Rf7+ Kg8 60.Rc7 Rxb5 61.Rxc4 Rb1 62.Rc8+ Kg7 63.Rc7+ Kg8 64.h6 Re1+ 65.Kxd6 Rg1
66.Rg7+ Kh8 67.Rf7 Kg8 68.Rf5 Rc1 69.Kd7  1-0

[Event "Peer Gynt"]
[Site "Gausdal"]
[Date "1992.??.??"]
[Round "6"]
[White "Jelling, Erik"]
[Black "Silseth, Simon"]
[Result "1/2-1/2"]
[WhiteElo "2400"]
[BlackElo "2320"]

1.d4 f5 2.g3 Nf6 3.Bg2 g6 4.Nf3 Bg7 5.O-O O-O 6.c4 d6 7.Nc3 Nc6 8.d5 Ne5
9.Nxe5 dxe5 10.c5 e4 11.Qb3 Kh8 12.Rd1 h6 13.f3 exf3 14.exf3 e5 15.Be3 f4
16.Bf2 g5 17.Ne4 Nxe4 18.fxe4 Bg4 19.Rd2 b6 20.Rc1 fxg3 21.Bxg3 h5 22.Qc3 Qe8
23.h3 Bc8 24.Rf1 Rxf1+ 25.Bxf1 h4 26.Bh2 g4 27.hxg4 Bxg4 28.Bh3 Qh5 29.Rf2 Rg8
30.Bf1 bxc5 31.a4 Kh7  1/2-1/2

[Event "Troll Masters"]
[Site "Gausdal"]
[Date "1992.??.??"]
[Round "7"]
[White "Stone, Raymond"]
[Black "Tisdall, Jonathan D"]
[Result "0-1"]
[WhiteElo "2355"]
[BlackElo "2455"]

1.d4 f5 2.g3 Nf6 3.Bg2 g6 4.Nf3 Bg7 5.O-O O-O 6.c4 d6 7.Nc3 Nc6 8.d5 Na5
9.Nd2 c5 10.b3 Nxd5 11.Bxd5+ e6 12.Ndb1 exd5 13.Qxd5+ Kh8 14.Bf4 Re8 15.Rc1 Nc6
16.Nd2 Be6 17.Qd3 Nb4 18.Qf3 g5 19.Be3 Nc6 20.Qh5 g4 21.Bg5 Qd7 22.e3 Ne5
23.Bh6 Bf6 24.Bg5 Bxg5 25.Qxg5 Rg8 26.Qf6+ Rg7 27.Nd5 Bxd5 28.cxd5 Kg8 29.Nc4 Nf3+
30.Kg2 Rg6 31.Qc3 Qf7 32.Rd1 Rh6 33.h4 gxh3+ 34.Kh1 Qh5  0-1

[Event "Gausdal Int"]
[Site "Gausdal"]
[Date "1992.??.??"]
[Round "7"]
[White "Bjerke, Richard"]
[Black "Silseth, Simon"]
[Result "1/2-1/2"]
[WhiteElo "2285"]
[BlackElo "2320"]

1.d4 f5 2.g3 Nf6 3.Bg2 g6 4.Nf3 Bg7 5.O-O O-O 6.c4 d6 7.Nc3 c6 8.d5 e5 9.dxe6 Bxe6
10.Qd3 Na6 11.Bf4  1/2-1/2

[Event "Geraardsbergen op"]
[Site "Geraardsbergen"]
[Date "1992.??.??"]
[Round "2"]
[White "Pergericht, Daniel"]
[Black "Bonne, R."]
[Result "1-0"]
[WhiteElo "2315"]
[BlackElo "2090"]

1.d4 f5 2.g3 Nf6 3.Bg2 g6 4.Nf3 Bg7 5.O-O O-O 6.c4 d6 7.Nc3 Qe8 8.d5 Na6
9.Rb1 Bd7 10.b4 Rb8 11.Be3 b6 12.Nb5 Ne4 13.Bd4 Bxd4 14.Nfxd4 Ra8 15.Qd3 e5
16.dxe6 Bxe6 17.Nc3 Bf7 18.Nxe4 fxe4 19.Bxe4 Rd8 20.Nc6 Ra8 21.Qf3  1-0

[Event "BL2-W9192"]
[Site "Germany"]
[Date "1992.??.??"]
[Round "?"]
[White "Serrer, Christoph"]
[Black "Buchal, Stephan"]
[Result "1/2-1/2"]
[WhiteElo "2260"]
[BlackElo "2295"]

1.Nf3 g6 2.d4 f5 3.g3 Nf6 4.Bg2 Bg7 5.O-O O-O 6.c4 d6 7.Nc3 Qe8 8.b3 Na6
9.Ba3 c6 10.Qd3 Rb8 11.e4 b5 12.e5 Ng4 13.cxb5 cxb5 14.Bb2 dxe5 15.Nxe5 Nc5
16.dxc5 Nxe5 17.Qd2 b4 18.Nd5 e6 19.Nxb4 Qb5 20.Nc2 Nc4 21.bxc4 Qxb2 22.Qe2 Qc3  1/2-1/2

[Event "BL2-S9192"]
[Site "Germany"]
[Date "1992.??.??"]
[Round "?"]
[White "Bosbach, Gerhard"]
[Black "Preiss, Martin"]
[Result "1-0"]
[WhiteElo "2260"]
[BlackElo "2275"]

1.d4 f5 2.Nf3 Nf6 3.g3 g6 4.Bg2 Bg7 5.O-O O-O 6.c4 d6 7.Nc3 Qe8 8.d5 Na6
9.Nd4 Bd7 10.b3 c6 11.Bb2 Nc7 12.Rb1 Rb8 13.e4 c5 14.Nc2 b5 15.e5 dxe5 16.d6 Ne6
17.Nxb5 Bxb5 18.cxb5 e4 19.dxe7 Qxe7 20.Qe2 Nd5 21.Ne3 Nb6 22.Bxg7 Qxg7 23.a4 Nd4
24.Qa2 Qf7 25.Rb2 Nd5 26.Nxd5 Qxd5 27.Rc1 Rbc8 28.Bf1 Kg7 29.Qa1 Kh6 30.Rc3 Qe5
31.Qc1+ Kg7 32.Bg2 Rc7 33.Kh1 Rfc8 34.Rc4 h6 35.h3 Kh7 36.Qd1 Rd8 37.Rd2 Qe7
38.b4 Ne6 39.Rxd8 Nxd8 40.bxc5 Rd7 41.Rd4 Rxd4 42.Qxd4 Ne6 43.Qd6 Qxd6 44.cxd6 Kg7
45.a5 Nd8 46.b6 axb6 47.a6  1-0

[Event "Giessen op"]
[Site "Giessen"]
[Date "1992.??.??"]
[Round "?"]
[White "Kishnev, Sergey"]
[Black "Reinemer, Frank"]
[Result "1-0"]
[WhiteElo "2540"]
[BlackElo "2265"]

1.d4 f5 2.c4 Nf6 3.Nf3 g6 4.g3 Bg7 5.Bg2 O-O 6.O-O d6 7.Nc3 Qe8 8.b3 c6 9.Ba3 Na6
10.e3 Bd7 11.Qe2 h6 12.Ne1 g5 13.Nd3 Nc7 14.Rad1 Kh8 15.f4 Qg6 16.Ne5 Qh7
17.Nxd7 Nxd7 18.Bb2 gxf4 19.Rxf4 Ne6 20.Rf2 Ng5 21.Qc2 Nf6 22.Rxf5 e6 23.Rf2 Qxc2
24.Rxc2 d5 25.Ba3 Rfe8 26.h4 Nf7 27.Rf2 Nd8 28.Bh3 e5 29.dxe5 Rxe5 30.Rf3 dxc4
31.bxc4 Re8 32.Rd6 Nh7 33.Bb2 Re7 34.Rg6 Nf7 35.Rxg7 Kxg7 36.Nd5+ Kf8 37.Nxe7 Kxe7
38.Bf5 Nf8 39.Ba3+ Kf6 40.Bc8+ Kg7 41.Bxf8+  1-0

[Event "Hafnarfirdi"]
[Site "Hafnarfirdi"]
[Date "1992.??.??"]
[Round "10"]
[White "Karlsson, Agust S"]
[Black "Gretarsson, Helgi Ass"]
[Result "1/2-1/2"]
[WhiteElo "2275"]
[BlackElo "2350"]

1.d4 f5 2.g3 Nf6 3.Bg2 g6 4.Nf3 Bg7 5.O-O O-O 6.c4 d6 7.Nc3 Qe8 8.d5 Na6
9.Nd4 Bd7 10.Re1 c5 11.Ndb5 Qf7 12.a3 h6 13.f4 Kh8 14.Ra2 g5 15.e3 Bxb5 16.Nxb5 Ne4
17.Qd3 Qg6 18.b3 g4 19.Bb2 h5 20.Bxg7+ Kxg7 21.Nc3 Nxc3 22.Qxc3+ Qf6 23.Qd3 Nc7
24.e4 fxe4 25.Rxe4 Rf7 26.h4 Rb8 27.Kh2 Kf8 28.b4 b6 29.Qb3 Kg7 30.Rae2 cxb4
31.axb4 a5 32.bxa5 Na6 33.Qb5 Nc5 34.R4e3 Qd4 35.axb6 Rb7 36.Qe8 Qf6 37.Qd8 Rd7
38.Qe8 Rb7 39.Qc6 Qd4 40.Qe8  1/2-1/2

[Event "Hamburg-ch"]
[Site "Hamburg"]
[Date "1992.??.??"]
[Round "7"]
[White "Dankert, Peter"]
[Black "Mowsziszian, Karen"]
[Result "1/2-1/2"]
[WhiteElo "2265"]
[BlackElo "2440"]

1.d4 f5 2.Nf3 Nf6 3.g3 g6 4.Bg2 Bg7 5.O-O O-O 6.c4 d6 7.b3 Qe8 8.Bb2 h6 9.Qc2 g5
10.e3 Nc6 11.d5 Nb4 12.Qe2 e5 13.dxe6 Bxe6 14.Nc3 c6 15.a3 Na6 16.Nd4 Bd7
17.Qc2 Nc5 18.Rad1 Rd8 19.b4 Nce4 20.Nde2 Nxc3 21.Bxc3 Bc8 22.Bd4 b6 23.Bb2 c5
24.Nc3 Ng4 25.Nb5 Bxb2 26.Qxb2 Qe7 27.Rfe1 Be6 28.Qe2 Ne5 29.Bd5 g4 30.Nc3 Qf7
31.Kg2 Kh7 32.Rh1 Qf6 33.Bxe6 Qxe6 34.Rd5 cxb4 35.axb4 Rc8 36.Rhd1 Nxc4 37.R1d4 Nxe3+
38.fxe3 Rxc3 39.Rxd6 Qxe3 40.Rd7+ Kg6 41.Rxg4+ fxg4 42.Qxg4+ Qg5 43.Qe6+ Qf6  1/2-1/2

[Event "FIN-ch"]
[Site "Helsinki"]
[Date "1992.??.??"]
[Round "1"]
[White "Hakulinen, Esko Matti"]
[Black "Norri, Joose"]
[Result "1-0"]
[WhiteElo "2310"]
[BlackElo "2395"]

1.Nf3 f5 2.d4 Nf6 3.g3 g6 4.Bg2 Bg7 5.O-O O-O 6.c4 d6 7.Nc3 Qe8 8.d5 Na6
9.Rb1 Bd7 10.b4 c6 11.dxc6 bxc6 12.b5 cxb5 13.cxb5 Nc5 14.Nd4 Nfe4 15.Nxe4 fxe4
16.Ba3 Rd8 17.Bxc5 dxc5 18.Qb3+ e6 19.Nc2 Rf5 20.a4 Re5 21.Ne3 Bc8 22.Nc4 Red5
23.Bxe4 Rd4 24.Qc2 e5 25.e3 Rxe4 26.Qxe4 Bf5 27.Qc6 Qxc6 28.bxc6 Bxb1 29.Rxb1 Rc8
30.Rb7 Rxc6 31.Rxa7  1-0

[Event "Helsinki op"]
[Site "Helsinki"]
[Date "1992.??.??"]
[Round "4"]
[White "Baburin, Alexander"]
[Black "Vyzmanavin, Alexey"]
[Result "1-0"]
[WhiteElo "2520"]
[BlackElo "2580"]

1.d4 f5 2.g3 Nf6 3.Bg2 g6 4.Nf3 Bg7 5.O-O O-O 6.c4 d6 7.Nc3 Qe8 8.b3 Nc6
9.Nb5 Qd8 10.d5 Ne5 11.Bb2 Nxf3+ 12.Bxf3 Bd7 13.Nd4 Rc8 14.Rc1 c6 15.Qd2 Qb6
16.Qe3 Rfe8 17.Ba1 e5 18.dxe6 Bxe6 19.c5 Qd8 20.Nxe6 Qd7 21.cxd6 Rxe6 22.Qxa7 Rxd6
23.Be5 Re6 24.Rfd1 Qe7 25.Bc3 h5 26.e3 Kh7 27.h4 Rg8 28.Rd3 Ne4 29.Bxg7 Rxg7
30.Qa5 Qf6 31.Rcd1 Ree7 32.Qd8 Nc5 33.Rd6 Qe5 34.b4 Na4 35.Qa5 Qxa5 36.bxa5 Nc3
37.R1d2 Ne4 38.Bxe4 Rxe4 39.a6 bxa6 40.Rxc6 Ra4 41.Kg2 a5 42.Kf3 Rb7 43.Rdd6 Rg7
44.Rc2 Re7 45.Rcd2 Kg7 46.R6d4 Rb4 47.a3 Rb3 48.R2d3 Rxd3 49.Rxd3 Re5 50.Rd4 Kh6
51.Rc4 Rb5 52.a4 Rd5 53.Rc7 Re5 54.Rc4 Rd5 55.Rc7 Re5 56.Rd7 Rc5 57.Rd4 Re5
58.Kf4 Rc5 59.Kf3 Kg7 60.Kf4 Kh6 61.f3 Rc1 62.e4 fxe4 63.fxe4 Ra1 64.Ke5 Kg7
65.Kd6 Kf7 66.e5 Rb1 67.e6+ Ke8 68.Rd5 Rb6+ 69.Ke5 Rb3 70.Rxa5 Rxg3 71.Ra8+ Ke7
72.Ra7+  1-0

[Event "Hradec Kralove op"]
[Site "Hradec Kralove"]
[Date "1992.??.??"]
[Round "9"]
[White "Vasilchenko, Oleg"]
[Black "Djurkovic, Maks"]
[Result "1-0"]
[WhiteElo "2385"]
[BlackElo "2220"]

1.d4 f5 2.g3 Nf6 3.Bg2 g6 4.Nf3 Bg7 5.O-O O-O 6.c4 d6 7.Nc3 Qe8 8.Be3 Na6
9.d5 Ng4 10.Bd4 Ne5 11.e4 f4 12.gxf4 Nxf3+ 13.Bxf3 Rxf4 14.Bxg7 Qf7 15.Bg2 Qxg7
16.Qd2 g5 17.Ne2 Rg4 18.b4 Bd7 19.Rac1 Rf8 20.a3 Rf3 21.Rc3 Qf6 22.Rxf3 Qxf3
23.Ng3 Qxa3 24.Bh3 Qxb4 25.Qxb4 Nxb4 26.Bxg4 Bxg4 27.f4 gxf4 28.Rxf4 Bd7
29.Nf5 Bxf5 30.Rxf5 Nd3 31.Rf3 Ne5 32.Rc3 b6 33.Kf2 Kg7 34.Ke3 h5 35.Kd4 h4
36.Rc2 a5 37.h3 Nf3+ 38.Ke3 Ng5 39.Kf4 Kf6 40.Kg4 Nxe4 41.Re2 Nc5 42.Kxh4 e6
43.dxe6 Nxe6 44.Kg4 Nc5 45.Rf2+ Kg7 46.Kf5 a4 47.Rg2+ Kh7 48.Kf6 Nd7+ 49.Kg5 Ne5
50.Ra2 Nxc4 51.Rxa4 Na5 52.Re4 c5 53.Re7+ Kg8 54.h4 Nc4 55.Rb7 d5 56.h5 d4
57.h6 Ne5 58.h7+ Kh8 59.Re7 Nc6 60.Re6 d3 61.Kh6  1-0

[Event "HUN-chT"]
[Site "HUN"]
[Date "1992.??.??"]
[Round "?"]
[White "Berebora, Ferenc"]
[Black "Horvath, Jozsef M"]
[Result "1/2-1/2"]
[WhiteElo "2330"]
[BlackElo "2225"]

1.d4 f5 2.g3 Nf6 3.Bg2 g6 4.Nf3 Bg7 5.O-O O-O 6.c4 d6 7.Nc3 Qe8 8.Re1 Qf7
9.d5 Ne4 10.Nd4 Qf6 11.Be3 Nxc3 12.bxc3 Na6 13.Ne6 Bxe6 14.Bd4 Qg5 15.f4 Bxd4+
16.cxd4 Qf6 17.dxe6 c6 18.e4 Kh8 19.exf5 gxf5 20.Rb1 Rab8 21.Qd2 Nc7 22.Qe3 b5
23.Bxc6 bxc4 24.d5 Na6 25.Bb5 Nc5 26.Bxc4 Rb2 27.Rxb2 Qxb2 28.Rd1 Rb8 29.Qd4+ Qxd4+
30.Rxd4 Rb4 31.g4 Rb1+ 32.Bf1 fxg4 33.f5 Kg7 34.Rxg4+ Kf6 35.Rg8 Kxf5 36.Rg7 Ke5
37.Rxe7 Kxd5 38.Rxh7 Kxe6 39.Rxa7 Ne4 40.Ra4 Nd2 41.Rf4 Ra1  1/2-1/2

[Event "HUN-chT"]
[Site "HUN"]
[Date "1992.??.??"]
[Round "?"]
[White "Horvath, Julia"]
[Black "Vanczak, Attila"]
[Result "1/2-1/2"]
[WhiteElo "2240"]
[BlackElo "2260"]

1.d4 f5 2.g3 g6 3.Bg2 Nf6 4.Nf3 Bg7 5.O-O O-O 6.c4 d6 7.Nc3 Qe8 8.d5 Na6
9.Nd4 Bd7 10.e4 fxe4 11.Nxe4 Nxe4 12.Bxe4 Nc5 13.Bg2 b5 14.Nxb5 Bxb5 15.cxb5 Qxb5
16.Rb1 Rab8 17.Be3 a5 18.b3 Qb4 19.Qc2 a4 20.Bd2 axb3 21.axb3 Qb5 22.b4 Qd3
23.Qxd3 Nxd3 24.Rb3 Ne5 25.Rc1 Rb7 26.h3 Ra8 27.f4 Nd7 28.Be3 Rab8 29.Kh2 Kf7
30.Bf3 Rxb4 31.Rxb4 Rxb4 32.Bg4 Nf8 33.Rxc7 Bd4 34.Bxd4 Rxd4 35.Bf3 Rd2+
36.Kg1 h6 37.Kf1 Nh7 38.Ke1 Rd4 39.Ra7 Nf6 40.Ra5 g5 41.fxg5 hxg5 42.Ke2 Rb4
43.Ra2 Kg6 44.Ra7 Kf7 45.Ra2 Rb5 46.Rd2 Rb3 47.Rd4 Kg6 48.Kf2 Kf5 49.Rd2 Rb4
50.Ra2 Ne4+ 51.Bxe4+ Rxe4 52.Ra7 Kf6 53.Kf3 Rd4 54.Ra5 Rc4 55.Ra3 Rd4 56.Ra5 Kf7
57.Ke3 Rd1 58.Ke4 Kf6 59.Ra3 Rh1 60.Rf3+ Kg6 61.g4  1/2-1/2

[Event "HUN-chT"]
[Site "HUN"]
[Date "1992.??.??"]
[Round "?"]
[White "Kahn, Evarth"]
[Black "Horvath, Julia"]
[Result "0-1"]
[WhiteElo "2255"]
[BlackElo "2240"]

1.c4 f5 2.Nf3 Nf6 3.g3 g6 4.Bg2 Bg7 5.O-O O-O 6.d4 d6 7.Nc3 c6 8.d5 e5 9.dxe6 Qe7
10.Nd4 Na6 11.b3 Nc5 12.Ba3 a5 13.Qc2 Nfe4 14.Nxe4 fxe4 15.Rad1 e3 16.f4 Bxe6
17.Bc1 Rae8 18.Rf3 Bg4 19.Rxe3 Qd7 20.Bf3 Bxd4 21.Rxd4 Rxe3 22.Bxe3 Bxf3
23.exf3 Re8 24.Qd2 Qe6 25.Bf2 Rd8 26.Qxa5 Qf6 27.Qd2 Na6 28.Re4 d5 29.cxd5 cxd5
30.Qd4 Qd6 31.Re2 Nb4 32.Qc5 d4 33.Qxd6 Rxd6 34.Rd2 Nc6 35.Rd3 Kf7 36.a4 Ke6
37.b4 Kd5 38.b5 Kc4 39.Rd1 Nb4 40.Rc1+ Kb3 41.Rd1 d3 42.Be1 Na2 43.Kf2 Nc3
44.Ra1 d2 45.Bxd2 Rxd2+ 46.Ke3 Rd6 47.a5 Nxb5 48.Ke4 Kb2 49.Ra4 Kb3 50.Ra1 Kc4
51.Ra4+ Kc5 52.Ke5 Nd4 53.Rc4+ Kxc4 54.Kxd6 Kb4 55.Kc7  0-1

[Event "HUN-chT"]
[Site "HUN"]
[Date "1992.??.??"]
[Round "?"]
[White "Balogh, Bela"]
[Black "Bagonyai, Attila"]
[Result "1/2-1/2"]
[WhiteElo "2260"]
[BlackElo "2280"]

1.d4 f5 2.Nf3 Nf6 3.g3 g6 4.Bg2 Bg7 5.O-O O-O 6.c4 d6 7.d5 c6 8.Nc3 e5 9.dxe6 Bxe6
10.b3 Na6 11.Be3 Qe7 12.Rc1 Nc5 13.Qc2 Kh8 14.Rfd1 Bg8  1/2-1/2

[Event "HUN-chT"]
[Site "HUN"]
[Date "1992.??.??"]
[Round "11"]
[White "Bacso, Gabor"]
[Black "Horvath, Julia"]
[Result "1/2-1/2"]
[WhiteElo "2245"]
[BlackElo "2240"]

1.d4 f5 2.c4 Nf6 3.g3 g6 4.Bg2 Bg7 5.Nf3 O-O 6.O-O d6 7.Qc2 c6 8.b3 a5 9.Bb2 Na6
10.Nbd2 Nb4 11.Qc1 Ne4 12.a3 Na6 13.e3 e6 14.Qc2 Nxd2 15.Qxd2 Nc7 16.Bc3 Ne8
17.b4 Nf6 18.Qc2 Ne4 19.Bb2 Bd7 20.Nd2 Nxd2 21.Qxd2 a4 22.Rfd1 d5 23.c5 g5
24.f4 h5 25.Bc3  1/2-1/2

[Event "Iraklion op"]
[Site "Iraklion"]
[Date "1992.??.??"]
[Round "6"]
[White "Grivas, Efstratios"]
[Black "Palatnik, Semon"]
[Result "1-0"]
[WhiteElo "2465"]
[BlackElo "2510"]

1.d4 f5 2.Nf3 Nf6 3.g3 g6 4.Bg2 Bg7 5.O-O O-O 6.c4 d6 7.Nc3 c6 8.d5 e5 9.dxe6 Bxe6
10.Qd3 Na6 11.Ng5 Re8 12.Rd1 Nc5 13.Nxe6 Rxe6 14.Qc2 Nfe4 15.Nxe4 Nxe4 16.Be3 Qe7
17.Bd4 a5 18.e3 h5 19.Bxg7 Kxg7 20.Rd4 Re8 21.Rad1 Qc7 22.h4 Kf7 23.Bf3 R8e7
24.Kg2 Ke8 25.a3 Nf6 26.b4 axb4 27.axb4 Ng4 28.Bxg4 fxg4 29.Qd3 c5 30.bxc5 dxc5
31.Rd5 Kf7 32.Ra1 Qc6 33.Kg1 b6 34.Rd1 Rf6 35.Qc2 Qe6 36.Qb2 Qe4 37.Rd6 Rxd6
38.Rxd6 Re6 39.Rd7+ Re7 40.Rd8 Re8 41.Rxe8 Kxe8 42.Qxb6 Qxc4 43.Qxg6+ Ke7
44.Qxh5 Qc1+ 45.Kg2 c4 46.Qc5+ Ke6 47.h5 Qc2 48.Qc8+  1-0

[Event "Katowice op"]
[Site "Katowice"]
[Date "1992.??.??"]
[Round "9"]
[White "Neverov, Valeriy"]
[Black "Petrienko, Vladimir"]
[Result "1/2-1/2"]
[WhiteElo "2520"]
[BlackElo "2440"]

1.d4 f5 2.Nf3 Nf6 3.c4 g6 4.g3 Bg7 5.Bg2 O-O 6.O-O d6 7.Nc3 Qe8 8.b3 c6 9.Qc2 Na6
10.Ba3 Rb8 11.Rad1 b5 12.Bc1 Bd7 13.c5 dxc5 14.Bf4 Rc8 15.dxc5 Nxc5 16.Ne5 Be6
17.b4 Na6 18.Nd3 c5 19.bxc5 Nxc5 20.Nxc5 Rxc5 21.Be3 Rc7 22.Qd2 a6 23.Bd4 Qc8
24.Bxf6 Bxf6 25.Nd5 Rc2 26.Qe3 Bf7 27.Qxe7 Bxe7 28.Nxe7+ Kg7 29.Nxc8 Rfxc8
30.Bb7 R8c5 31.Bxa6 Rxa2 32.Rd6 b4 33.Bd3 b3 34.Rb6 Rca5 35.Kg2 Ra1 36.Rxa1 Rxa1
37.Kf3 Rc1 38.Ke3 Rc7 39.Kd4 Kf8 40.f3 Ke7 41.h4 Be6 42.Bb5 Rc1 43.Rb7+ Kd6
44.Rb6+ Ke7 45.Rb7+ Kd6 46.Bd3 Kc6 47.Re7 Kd6 48.Rxh7 Bd7 49.Rg7 b2 50.Rxg6+ Kc7
51.h5 Rd1 52.Kc3 Rxd3+ 53.Kxb2 Re3 54.h6 Bc6 55.f4 Be4 56.Rg8 Rxe2+ 57.Kc3 Rh2
58.Rg6 Kd7 59.Kd4 Ke7 60.Ke5 Kf7 61.Rf6+ Kg8 62.g4 fxg4 63.Kxe4 Kh7  1/2-1/2

[Event "JUG-ch"]
[Site "Kladovo"]
[Date "1992.??.??"]
[Round "2"]
[White "Draskovic, Dragan"]
[Black "Kontic, Djordje"]
[Result "0-1"]
[WhiteElo "2255"]
[BlackElo "2375"]

1.d4 f5 2.g3 Nf6 3.Nf3 g6 4.c4 Bg7 5.Bg2 O-O 6.O-O d6 7.Nc3 Nc6 8.Ng5 h6
9.Nh3 e5 10.d5 Ne7 11.f3 g5 12.Nf2 f4 13.g4 c6 14.e3 b5 15.Nfe4 Nxe4 16.Nxe4 bxc4
17.Nc3 cxd5 18.Nxd5 Be6 19.Nxe7+ Qxe7 20.e4 Rab8 21.Qc2 d5 22.exd5 Qc5+ 23.Kh1 Qxd5
24.Bd2 Qd3 25.Qxd3 cxd3 26.Bc3 e4 27.fxe4 Bxg4 28.Bf3 Bh3 29.Rfd1 g4 30.Bxg7 Kxg7
31.Bxg4 Bxg4 32.Rg1 h5 33.h3 Rh8 34.b3 Rbc8 35.hxg4 hxg4+ 36.Kg2 Rc2+ 37.Kf1 g3
38.a4 Rhh2 39.Ke1 g2  0-1

[Event "JUG-ch"]
[Site "Kladovo"]
[Date "1992.??.??"]
[Round "12"]
[White "Stanojevic, Branko"]
[Black "Draskovic, Dragan"]
[Result "1-0"]
[WhiteElo "2395"]
[BlackElo "2255"]

1.Nf3 f5 2.g3 g6 3.d4 Nf6 4.Bg2 Bg7 5.O-O O-O 6.c4 d6 7.Nc3 Qe8 8.b3 h6 9.Ba3 Qf7
10.Qc2 Na6 11.Rad1 c6 12.Rd2 Bd7 13.Re1 Ne4 14.Nxe4 fxe4 15.Qxe4 g5 16.Rf1 Bf5
17.Qe3 Rae8 18.Bb2 e6 19.Qc3 Nc5 20.Qc1 Ne4 21.Rdd1 Bg4 22.Nd2 Nf6 23.f3 Bh5
24.e4 Nd7 25.b4 e5 26.Nb3 Nb6 27.Na5 Na4 28.Ba1 b5 29.dxe5 dxe5 30.c5 Re6
31.Bh3 Rf6 32.Bf5 Qe8 33.g4 Bf7 34.Rf2 Be6 35.Qe3 Bxf5 36.exf5 R6f7 37.Qe4 Rd7
38.Rfd2 Rd4 39.Rxd4 exd4 40.Nxc6 Nc3 41.Bxc3 dxc3 42.Ne7+ Kh8 43.Ng6+ Kg8
44.Nxf8 Qxe4 45.fxe4 Bd4+ 46.Kf1 Be3 47.Nd7 c2 48.Ke2 cxd1=Q+ 49.Kxd1  1-0